[Event "12. OSIJEK OPEN"]
[Site "Osijek"]
[Date "2019.02.23"]
[Round "6.28"]
[White "Juric, Ester"]
[Black "Mikic, Ivana"]
[Result "0-1"]
[WhiteElo "1474"]
[BlackElo "1843"]
[PlyCount "82"]
[EventDate "2019.02.21"]

1. d4 Nf6 2. c4 e6 3. Nc3 Bb4 4. Qc2 d5 5. Nf3 O-O 6. Bf4 b6 7. e3 Ba6 8. Nd2
c5 9. a3 Bxc3 10. bxc3 cxd4 11. cxd4 Qd7 12. Bd3 dxc4 13. Nxc4 Bxc4 14. Qxc4
Rc8 15. Qa2 Nd5 16. Bg3 Nc6 17. O-O Na5 18. Rac1 h6 19. Be4 Rxc1 20. Rxc1 Rc8
21. Rxc8+ Qxc8 22. h3 Qc1+ 23. Kh2 Nc3 24. Qc2 Qxa3 25. Bf3 b5 26. d5 exd5 27.
Qf5 Qf8 28. Bxd5 Nxd5 29. Qxd5 Qe8 30. Qc5 Qd7 31. Bc7 Nb7 32. Qc2 a5 33. Be5
b4 34. Qb2 f6 35. Bf4 Qd5 36. Qc2 b3 37. Qg6 Qf7 38. Qe4 f5 39. Qa4 b2 40. Qc2
Qa2 41. Qc8+ Nd8 0-1

[Event "12. OSIJEK OPEN"]
[Site "Osijek"]
[Date "2019.02.23"]
[Round "6.29"]
[White "Ljubicic, Ninoslav"]
[Black "Baturina, Marin"]
[Result "1-0"]
[WhiteElo "1770"]
[BlackElo "1531"]
[PlyCount "95"]
[EventDate "2019.02.21"]

1. e4 c5 2. Nf3 d6 3. Bc4 e6 4. O-O Nf6 5. Nc3 Be7 6. d4 cxd4 7. Nxd4 a6 8. a4
O-O 9. Be3 Bd7 10. f4 Nc6 11. Nf3 Rc8 12. Bd3 Qc7 13. Nd2 Nb4 14. g4 Nxd3 15.
cxd3 b5 16. axb5 axb5 17. g5 Ne8 18. Qb3 Qc6 19. Rfc1 g6 20. Ra7 d5 21. Ne2 Qd6
22. Rxc8 Bxc8 23. Qxb5 dxe4 24. Nxe4 Qb4 25. Qxb4 Bxb4 26. N2c3 Nd6 27. Nxd6
Bxd6 28. Ne4 Bb4 29. Bc5 Bxc5+ 30. Nxc5 Kg7 31. Kf2 Rd8 32. Ra8 Kf8 33. Nb7
Rxd3 34. Rxc8+ Kg7 35. Rc2 Rh3 36. Kg2 Rb3 37. Nc5 Rb4 38. Kf3 Kf8 39. b3 Ke7
40. Rc3 Kd6 41. Ke3 Kd5 42. Nd3 Re4+ 43. Kd2 e5 44. Rc5+ Kd6 45. fxe5+ Ke6 46.
Rc8 Kf5 47. Rf8 Kxg5 48. Rxf7 1-0

[Event "12. OSIJEK OPEN"]
[Site "Osijek"]
[Date "2019.02.23"]
[Round "6.31"]
[White "Biljcevic, Miodrag"]
[Black "Juric, Matea"]
[Result "1/2-1/2"]
[WhiteElo "1725"]
[BlackElo "1459"]
[PlyCount "78"]
[EventDate "2019.02.21"]

1. d4 d5 2. Nf3 Nf6 3. e3 b6 4. Bd3 Bb7 5. b3 e6 6. Bb2 Be7 7. Nbd2 c5 8. Ne5
Nbd7 9. f4 cxd4 10. exd4 Nxe5 11. fxe5 Nd7 12. O-O Bg5 13. Nf3 O-O 14. Nxg5
Qxg5 15. Bc1 Qe7 16. Qh5 g6 17. Qh6 f6 18. exf6 Rxf6 19. Bg5 Rxf1+ 20. Rxf1 Qg7
21. Qh4 Rf8 22. Re1 Re8 23. Bb5 a6 24. Bh6 Qe7 25. Qxe7 Rxe7 26. Bxd7 Rxd7 27.
Rxe6 b5 28. Kf2 Rc7 29. Rf6 Rxc2+ 30. Kf3 Rc8 31. Rb6 Rb8 32. Bf4 Rf8 33. Rxb7
g5 34. g3 gxf4 35. gxf4 Rf6 36. Ra7 Rh6 37. Kg3 Rg6+ 38. Kf2 Rf6 39. Kg3 Rh6
1/2-1/2

[Event "12. OSIJEK OPEN"]
[Site "Osijek"]
[Date "2019.02.23"]
[Round "6.33"]
[White "Ascic, Matos"]
[Black "Rogulja, Nikola"]
[Result "1-0"]
[WhiteElo "1707"]
[BlackElo "1352"]
[PlyCount "69"]
[EventDate "2019.02.21"]

1. Nf3 Nc6 2. b3 e5 3. e4 Nf6 4. Bd3 Bc5 5. Ba3 d6 6. Bxc5 dxc5 7. Nc3 Be6 8.
Bb5 Qd6 9. Qe2 a6 10. Bxc6+ Qxc6 11. Nxe5 Qd6 12. Nd3 Qc6 13. f3 O-O-O 14. Na4
Nd7 15. Qe3 b6 16. Nf4 Rhe8 17. Qc3 g6 18. d4 b5 19. d5 Qd6 20. dxe6 fxe6 21.
e5 Nxe5 22. Nxc5 Nxf3+ 23. Qxf3 Qxc5 24. Qa8+ Kd7 25. O-O-O+ Ke7 26. Rxd8 Rxd8
27. Qe4 e5 28. Nd3 Qc3 29. Qxe5+ Qxe5 30. Nxe5 Rd5 31. Nd3 Kd6 32. Nb4 Rg5 33.
Rd1+ Ke7 34. Rd2 a5 35. Nc6+ 1-0

[Event "12. OSIJEK OPEN"]
[Site "Osijek"]
[Date "2019.02.23"]
[Round "6.34"]
[White "Oberman, Hotimir"]
[Black "Mandaric, Fran"]
[Result "1-0"]
[WhiteElo "1951"]
[BlackElo "1619"]
[PlyCount "71"]
[EventDate "2019.02.21"]

1. e4 c5 2. Nf3 Nc6 3. Bb5 g6 4. O-O Bg7 5. Re1 e6 6. c3 Nge7 7. d4 cxd4 8.
cxd4 d5 9. e5 O-O 10. Nc3 a6 11. Ba4 Qb6 12. Bc2 Qc7 13. Bg5 b5 14. Qd2 b4 15.
Na4 a5 16. Rac1 Qa7 17. Bb1 Bd7 18. Nc5 Rfc8 19. Bf6 Rab8 20. b3 Rc7 21. Qf4
Bf8 22. Ng5 h6 23. Nf3 Rbc8 24. h4 Nxd4 25. Nxd4 Rxc5 26. Rxc5 Qxc5 27. h5 Kh7
28. Bh4 Nf5 29. Nf3 Be7 30. Bxe7 Qxe7 31. g4 Ng7 32. Kg2 Bc6 33. Rh1 Kg8 34.
hxg6 fxg6 35. Qxh6 Qf7 36. Qh8# 1-0

[Event "12. OSIJEK OPEN"]
[Site "Osijek"]
[Date "2019.02.23"]
[Round "6.36"]
[White "Turicar, Goran"]
[Black "Pergar, Lovro"]
[Result "0-1"]
[WhiteElo "1837"]
[BlackElo "1483"]
[PlyCount "118"]
[EventDate "2019.02.21"]

1. e4 c5 2. Nf3 d6 3. c3 Nf6 4. Be2 e6 5. O-O Be7 6. d3 O-O 7. h3 Nc6 8. Na3
Bd7 9. Re1 Qc8 10. Bf1 b6 11. Bg5 d5 12. e5 Kh8 13. exf6 gxf6 14. Bh4 Rg8 15.
d4 cxd4 16. Bg3 dxc3 17. Nb5 cxb2 18. Rb1 Bb4 19. Re2 e5 20. Rexb2 a6 21. a3
Bc5 22. Nd6 Bxd6 23. Qxd5 Bc5 24. Kh2 Be6 25. Qd2 Bf5 26. Ra1 Qd8 27. Qc3 Nd4
28. Rd2 Nxf3+ 29. gxf3 Qe7 30. Rad1 Rxg3 31. Rd8+ Rxd8 32. Rxd8+ Qxd8 33. fxg3
Qd4 34. Qxd4 Bxd4 35. Bxa6 Bc5 36. a4 Bd7 37. Bc4 Bxa4 38. Bxf7 b5 39. Kg2 b4
40. Ba2 b3 41. Bb1 Bb5 42. f4 Kg7 43. Kf3 exf4 44. Kxf4 Bf1 45. h4 h5 46. Kf3
Bh3 47. Kf4 Bd6+ 48. Kf3 Bg4+ 49. Kf2 f5 50. Bd3 b2 51. Bc2 Kf6 52. Bd3 Ke5 53.
Ke3 Kd5 54. Kf2 Kd4 55. Bb1 Bxg3+ 56. Kxg3 Ke3 57. Bc2 f4+ 58. Kg2 f3+ 59. Kf1
f2 0-1

[Event "12. OSIJEK OPEN"]
[Site "Osijek"]
[Date "2019.02.23"]
[Round "6.38"]
[White "Martinovic, Josip"]
[Black "Pralija, Marin"]
[Result "1/2-1/2"]
[WhiteElo "1616"]
[BlackElo "1704"]
[PlyCount "120"]
[EventDate "2019.02.21"]

1. d4 c6 2. c4 d6 3. Nc3 Nf6 4. Nf3 Nbd7 5. Bg5 Qc7 6. e3 e5 7. Bd3 Be7 8. Qc2
O-O 9. Bxh7+ Nxh7 10. Bxe7 Re8 11. Bh4 Ndf6 12. dxe5 dxe5 13. Bg3 Nd7 14. O-O
f6 15. Qg6 Qd8 16. Rad1 Nhf8 17. Qc2 Qa5 18. a3 b6 19. Ne4 c5 20. Nd6 Re7 21.
Rd5 Qa6 22. Rfd1 Bb7 23. Nxb7 Qxb7 24. Nh4 a6 25. Nf5 Re6 26. Nd6 Qc6 27. Qf5
b5 28. cxb5 axb5 29. R5d2 c4 30. Nxb5 Qxb5 31. Rxd7 Qxb2 32. Qg4 g6 33. Qxc4
Qxa3 34. h4 Qa2 35. Qxa2 Rxa2 36. Rb7 Rea6 37. Rd8 Ra1+ 38. Kh2 Ra8 39. Rd6
R1a6 40. Rxa6 Rxa6 41. e4 Ne6 42. f3 Ra2 43. Rb6 Kf7 44. Rb7+ Kg8 45. Rb6 Kf7
46. Kh3 Ra4 47. Rb2 Ra1 48. Kh2 Rf1 49. Rf2 Re1 50. Ra2 Rf1 51. Re2 Rd1 52. Re1
Rd2 53. Kg1 Nd4 54. Kf1 Nc2 55. Re2 Rd1+ 56. Be1 Nd4 57. Rd2 Rb1 58. Ra2 Kg7
59. Kf2 Rb7 60. Bc3 Ne6 1/2-1/2

[Event "12. OSIJEK OPEN"]
[Site "Osijek"]
[Date "2019.02.23"]
[Round "6.39"]
[White "Perci, Franjo"]
[Black "Markovic, Marko"]
[Result "1-0"]
[WhiteElo "1663"]
[BlackElo "1407"]
[PlyCount "55"]
[EventDate "2019.02.21"]

1. e4 c5 2. Bc4 Nc6 3. Nc3 g6 4. d3 Bg7 5. Nge2 Nf6 6. a3 O-O 7. Bg5 d6 8. Qd2
Bg4 9. f3 Bd7 10. g4 e6 11. h4 Ne5 12. Qf4 Nxc4 13. dxc4 e5 14. Qh2 a6 15. h5
Nxg4 16. Qh4 f6 17. hxg6 h6 18. Bd2 Qe8 19. fxg4 Qxg6 20. O-O-O b5 21. cxb5
axb5 22. Nd5 Qxe4 23. Bxh6 Qxg4 24. Bxg7 Qxh4 25. Rxh4 Kxg7 26. Rg1+ Kf7 27.
Rh7+ Ke6 28. Nc7+ 1-0

[Event "12. OSIJEK OPEN"]
[Site "Osijek"]
[Date "2019.02.23"]
[Round "6.41"]
[White "Dankos, Mislav"]
[Black "Perko, Bartol"]
[Result "1/2-1/2"]
[WhiteElo "1329"]
[BlackElo "1446"]
[PlyCount "107"]
[EventDate "2019.02.21"]

1. e4 e5 2. Nf3 Nf6 3. Nc3 Nc6 4. Bb5 d6 5. h3 a6 6. Ba4 b5 7. Bb3 Be7 8. d3 h6
9. Be3 O-O 10. O-O Bb7 11. Qe2 Na5 12. Qd2 Nxb3 13. axb3 Qd7 14. Ne2 Rfe8 15.
Ng3 Bf8 16. c4 c6 17. Nf5 d5 18. cxd5 cxd5 19. Nxh6+ gxh6 20. Bxh6 Bxh6 21.
Qxh6 Nh7 22. Rac1 Qe6 23. Qxe6 Rxe6 24. Rc7 Rb8 25. Re1 dxe4 26. dxe4 Ba8 27.
Nh2 Rd8 28. Re2 Ng5 29. f3 Rg6 30. Ng4 Rgd6 31. Rc5 f6 32. Nh6+ Kh7 33. Nf5 Rc6
34. b4 Rxc5 35. bxc5 Rc8 36. b4 a5 37. Nd6 Rc6 38. Ra2 axb4 39. Rxa8 Rxc5 40.
Rb8 b3 41. Rxb5 Rxb5 42. Nxb5 b2 43. Nc3 Kg6 44. Kf2 Kh5 45. Kg3 Ne6 46. h4 Nf4
47. Kf2 Kxh4 48. g3+ Kg5 49. gxf4+ Kxf4 50. Nb1 f5 51. exf5 Kxf5 52. Ke3 Kf6
53. Ke4 Ke6 54. Nc3 1/2-1/2

[Event "12. OSIJEK OPEN"]
[Site "Osijek"]
[Date "2019.02.24"]
[Round "7.1"]
[White "Ivekovic, Bozidar"]
[Black "Jusup, Matej"]
[Result "1-0"]
[WhiteElo "2398"]
[BlackElo "2236"]
[PlyCount "61"]
[EventDate "2019.02.21"]

1. d4 Nf6 2. c4 c5 3. d5 b5 4. cxb5 a6 5. b6 d6 6. Nc3 Nbd7 7. a4 Qxb6 8. e4 g6
9. a5 Qb7 10. f4 Bg7 11. Nf3 O-O 12. Bc4 Ne8 13. O-O Nc7 14. Qd3 Nf6 15. Re1 e6
16. dxe6 Bxe6 17. Bxe6 Nxe6 18. Qxd6 Rfd8 19. Qb6 Qxb6 20. axb6 Rdb8 21. e5 Nd7
22. Be3 Rxb6 23. Red1 Ra7 24. Ra2 Kf8 25. Ng5 Rc6 26. Nxe6+ fxe6 27. Ne4 Rb7
28. Nd6 Rb3 29. Nc4 Rb4 30. Na5 Rc7 31. Rxd7 1-0

[Event "12. OSIJEK OPEN"]
[Site "Osijek"]
[Date "2019.02.24"]
[Round "7.3"]
[White "Ljikar, Zoran"]
[Black "Stocko, Josip"]
[Result "0-1"]
[WhiteElo "2205"]
[BlackElo "2294"]
[PlyCount "37"]
[EventDate "2019.02.21"]

1. e4 c5 2. Nf3 d6 3. d4 cxd4 4. Nxd4 Nf6 5. Nc3 a6 6. Be2 e5 7. Nb3 Be7 8. O-O
O-O 9. f4 Qc7 10. Be3 Be6 11. Qe1 Nbd7 12. Qg3 Kh8 13. Rad1 b5 14. a3 Rac8 15.
Rd2 Bc4 16. f5 Nb6 17. Rfd1 Bxe2 18. Rxe2 Nc4 19. Bc1 0-1

[Event "12. OSIJEK OPEN"]
[Site "Osijek"]
[Date "2019.02.24"]
[Round "7.4"]
[White "Marjanovic, Annamaria"]
[Black "Mandic, Bojan"]
[Result "1-0"]
[WhiteElo "2320"]
[BlackElo "2003"]
[PlyCount "39"]
[EventDate "2019.02.21"]

1. c4 e5 2. g3 Nf6 3. Bg2 h5 4. h4 Nc6 5. Nc3 Bc5 6. d3 Nd4 7. e3 Nf5 8. Nge2
Ng4 9. d4 Be7 10. Nd5 c6 11. Nxe7 Qxe7 12. e4 Nxd4 13. Nxd4 exd4 14. Qxd4 Qe5
15. Qd3 Qc5 16. O-O d6 17. b3 Be6 18. Bb2 Ne5 19. Qd2 Qb6 20. Qxd6 1-0

[Event "12. OSIJEK OPEN"]
[Site "Osijek"]
[Date "2019.02.24"]
[Round "7.6"]
[White "Trbojevic, Mladen"]
[Black "Gavran, Marinko"]
[Result "1-0"]
[WhiteElo "2354"]
[BlackElo "2030"]
[PlyCount "69"]
[EventDate "2019.02.21"]

1. g3 d5 2. Bg2 e5 3. d3 Nf6 4. Nf3 Bd6 5. O-O Nc6 6. c4 O-O 7. cxd5 Nxd5 8.
Nc3 Nxc3 9. bxc3 b6 10. d4 Rb8 11. Ng5 Ne7 12. Qc2 Ng6 13. h4 h6 14. h5 hxg5
15. hxg6 Qf6 16. gxf7+ Rxf7 17. Bd5 Bh3 18. Bxf7+ Qxf7 19. Re1 Rf8 20. Be3 Qh5
21. Qb3+ Kh8 22. Qd5 exd4 23. cxd4 Rf5 24. Qe4 Qf7 25. g4 Rf6 26. Qh1 Rh6 27.
Qa8+ Kh7 28. Qe4+ Kh8 29. Bxg5 Bh2+ 30. Kh1 Qxf2 31. Qf3 Bg2+ 32. Qxg2 Bf4+ 33.
Bxh6 Qh4+ 34. Kg1 gxh6 35. e4 1-0

[Event "12. OSIJEK OPEN"]
[Site "Osijek"]
[Date "2019.02.24"]
[Round "7.7"]
[White "Matanovic, Luka"]
[Black "Cvijanovic, Srecko"]
[Result "1-0"]
[WhiteElo "2264"]
[BlackElo "1835"]
[PlyCount "79"]
[EventDate "2019.02.21"]

1. e4 e6 2. d4 d5 3. e5 c5 4. c3 Nc6 5. Nf3 Qb6 6. a3 c4 7. Nbd2 Na5 8. Rb1 Bd7
9. g3 Ne7 10. h4 h6 11. h5 g6 12. Bg2 g5 13. Nf1 Nb3 14. Be3 a5 15. N1h2 O-O-O
16. Ng4 Ng8 17. Nfh2 Be7 18. Qf3 Rf8 19. Nf6 Nxf6 20. exf6 Bd6 21. O-O a4 22.
Ng4 Rfg8 23. Qe2 Qc7 24. f4 Kd8 25. Bh3 Kc8 26. Kg2 Kb8 27. Rf3 Qd8 28. Rh1
gxf4 29. Bxf4 Bxf4 30. Rxf4 Na5 31. Qe3 Qf8 32. Ne5 Kc8 33. Re1 Rg5 34. Nxd7
Kxd7 35. Bxe6+ fxe6 36. Qxe6+ Kc7 37. f7 Nc6 38. Qf6 Nd8 39. Re7+ Kc8 40. Qd6
1-0

[Event "12. OSIJEK OPEN"]
[Site "Osijek"]
[Date "2019.02.24"]
[Round "7.8"]
[White "Radikovic, Anamarija"]
[Black "Horvat, David"]
[Result "0-1"]
[WhiteElo "1856"]
[BlackElo "2183"]
[PlyCount "54"]
[EventDate "2019.02.21"]

1. d4 Nf6 2. Nf3 g6 3. Bf4 Bg7 4. Nc3 d5 5. e3 O-O 6. Be2 c5 7. Nb5 Nc6 8. h3
a6 9. Nc3 cxd4 10. exd4 Bf5 11. Nh4 Be6 12. Nf3 Bf5 13. Nh4 Qb6 14. Nxf5 gxf5
15. Be3 Qxb2 16. Na4 Qa3 17. Nc5 Qc3+ 18. Kf1 Ne4 19. Rb1 Nxd4 20. Bxd4 Bxd4
21. Nxe4 dxe4 22. Qc1 Bf6 23. g4 Rad8 24. gxf5 Kh8 25. Bg4 Rd2 26. Rxb7 e3 27.
f3 e2+ 0-1

[Event "12. OSIJEK OPEN"]
[Site "Osijek"]
[Date "2019.02.24"]
[Round "7.9"]
[White "Muha, Magdalena"]
[Black "Tomasic, Roland"]
[Result "0-1"]
[WhiteElo "1848"]
[BlackElo "2157"]
[PlyCount "89"]
[EventDate "2019.02.21"]

1. d4 f5 2. c4 Nf6 3. g3 g6 4. Bg2 Bg7 5. Nc3 d6 6. d5 c6 7. Nh3 O-O 8. Nf4 e5
9. dxe6 Qe7 10. Qb3 Na6 11. Bd2 Nc5 12. Qc2 Nxe6 13. Rd1 Ng4 14. h4 Ne5 15. h5
Nd4 16. Qc1 g5 17. Nfd5 cxd5 18. Bxd5+ Kh8 19. Kf1 f4 20. gxf4 gxf4 21. h6 Bf6
22. Bxf4 Ng6 23. Be3 Nf5 24. Rd3 Ne5 25. Rd1 Nxe3+ 26. Qxe3 Ng4 27. Qxe7 Bxe7
28. Bf3 Ne5 29. Bd5 Bd7 30. b3 Bc6 31. f3 Ng4 32. Rd4 Bf6 33. Rd3 Bxc3 34. Rxc3
Rf6 35. Rg1 Nxh6 36. Re3 Nf5 37. Re4 Bxd5 38. cxd5 Rg8 39. Rxg8+ Kxg8 40. Re8+
Kg7 41. Rb8 Rf7 42. Rd8 Ne3+ 43. Kf2 Nxd5 44. Rxd6 Nc3 45. a4 0-1

[Event "12. OSIJEK OPEN"]
[Site "Osijek"]
[Date "2019.02.24"]
[Round "7.10"]
[White "Marjanovic, Gyorgy"]
[Black "Matota, Dominik"]
[Result "1-0"]
[WhiteElo "2034"]
[BlackElo "1530"]
[PlyCount "63"]
[EventDate "2019.02.21"]

1. e4 e5 2. Nf3 Nc6 3. Bb5 Bc5 4. O-O d6 5. c3 a6 6. Ba4 b5 7. Bb3 Bg4 8. d3
Nge7 9. Bxf7+ Kd7 10. Bb3 Rf8 11. Nbd2 Na5 12. Nxe5+ dxe5 13. Qxg4+ Ke8 14. Bc2
Qd6 15. b4 Bxf2+ 16. Rxf2 Qb6 17. Nf3 Nac6 18. Bg5 h6 19. Bxe7 Nxe7 20. Qh5+
Ng6 21. Raf1 Kd8 22. d4 Nf4 23. Qxe5 Qd6 24. Kh1 Qc6 25. d5 Qd7 26. Nd4 Kc8 27.
Rxf4 Rxf4 28. Qxf4 Kb7 29. e5 a5 30. Nc6 axb4 31. Qxb4 Qxd5 32. Be4 1-0

[Event "12. OSIJEK OPEN"]
[Site "Osijek"]
[Date "2019.02.24"]
[Round "7.11"]
[White "Kovac, Petar"]
[Black "Grguric, Damir"]
[Result "1/2-1/2"]
[WhiteElo "1795"]
[BlackElo "1991"]
[PlyCount "28"]
[EventDate "2019.02.21"]

1. d4 d5 2. c4 c6 3. Nf3 Nf6 4. Nc3 e6 5. e3 Bd6 6. Bd3 Nbd7 7. O-O O-O 8. e4
dxc4 9. Bxc4 e5 10. Bg5 Qe7 11. Re1 Nb6 12. Bc1 Bg4 13. h3 Bxf3 14. Qxf3 h6
1/2-1/2

[Event "12. OSIJEK OPEN"]
[Site "Osijek"]
[Date "2019.02.24"]
[Round "7.12"]
[White "Cajzler, Hinko"]
[Black "Matanovic, Pavo"]
[Result "1-0"]
[WhiteElo "2142"]
[BlackElo "1809"]
[PlyCount "79"]
[EventDate "2019.02.21"]

1. e4 e5 2. Nc3 Nf6 3. g3 Bc5 4. Bg2 O-O 5. h3 Nc6 6. d3 h6 7. Nge2 d6 8. O-O
Be6 9. Na4 Bb6 10. Nxb6 axb6 11. f4 Rxa2 12. Rxa2 Bxa2 13. b3 Qd7 14. fxe5 dxe5
15. Bxh6 Qd6 16. Be3 Nb4 17. Nc1 Bb1 18. Rf2 Nd7 19. c3 Nxd3 20. Rd2 N7c5 21.
b4 Qg6 22. bxc5 Nxc5 23. Bxc5 bxc5 24. Qe1 c4 25. Rb2 Bd3 26. Rxb7 Ra8 27. Nxd3
cxd3 28. Rb2 Qd6 29. Kh2 Ra3 30. Qd2 c5 31. c4 Qd4 32. Rb8+ Kh7 33. Qg5 Ra6 34.
Qh5+ Rh6 35. Qxf7 Rf6 36. Qh5+ Rh6 37. Qf5+ Rg6 38. Rb6 Qd8 39. Rxg6 Kg8 40.
Qxe5 1-0

[Event "12. OSIJEK OPEN"]
[Site "Osijek"]
[Date "2019.02.24"]
[Round "7.13"]
[White "Grguric, Stjepan-Kresimir"]
[Black "Tomasic, Dragutin"]
[Result "1-0"]
[WhiteElo "2119"]
[BlackElo "1837"]
[PlyCount "71"]
[EventDate "2019.02.21"]

1. e4 c5 2. Nf3 Nc6 3. d4 cxd4 4. Nxd4 Nf6 5. Nc3 e6 6. Bg5 Be7 7. Qd2 h6 8.
Bh4 Qb6 9. O-O-O Nxe4 10. Nxe4 Bxh4 11. Nd6+ Kf8 12. Nf3 Bf6 13. c3 a6 14. h4
Qc7 15. g4 Be7 16. Qf4 Bxd6 17. Rxd6 Qa5 18. Bd3 f6 19. Re1 Ke7 20. g5 e5 21.
Rxf6 Kd8 22. Nxe5 Nxe5 23. Rxe5 Qxa2 24. Rf8+ Rxf8 25. Qxf8+ Kc7 26. Rc5+ Kb6
27. Rxc8 Rxc8 28. Qxc8 Qd5 29. Qc4 Qh1+ 30. Kc2 hxg5 31. hxg5 d5 32. Qd4+ Kc6
33. Qxg7 Qg2 34. Qf6+ Kc7 35. g6 b5 36. g7 1-0

[Event "12. OSIJEK OPEN"]
[Site "Osijek"]
[Date "2019.02.24"]
[Round "7.14"]
[White "Damjanovic, Stjepan"]
[Black "Čubelić, Milan"]
[Result "1/2-1/2"]
[WhiteElo "1726"]
[BlackElo "2092"]
[PlyCount "100"]
[EventDate "2019.02.21"]

1. e4 c6 2. d4 d6 3. Nc3 g6 4. Nf3 Bg7 5. h3 Nf6 6. Bd3 Nbd7 7. O-O O-O 8. Bf4
Nh5 9. Be3 c5 10. Ne2 cxd4 11. Bxd4 b6 12. Bxg7 Nxg7 13. Ng3 Bb7 14. Bc4 Qc7
15. Bd5 Rac8 16. c3 Ba6 17. Re1 e6 18. Bb3 h6 19. Qd2 Kh7 20. Rad1 Ne8 21. Nh2
Ndf6 22. Ng4 Nxg4 23. hxg4 Qc5 24. Kh2 Qg5 25. Qxg5 hxg5 26. f3 Kg7 27. Nh1 Kf6
28. Nf2 Ke7 29. e5 dxe5 30. Rxe5 Rc5 31. Rxc5 bxc5 32. Ne4 c4 33. Ba4 Bc8 34.
Bb5 f5 35. gxf5 gxf5 36. Nxg5 Nd6 37. Bc6 Bb7 38. Bxb7 Nxb7 39. b4 cxb3 40.
axb3 Rc8 41. c4 a5 42. Ra1 Kf6 43. Nh3 e5 44. Kg3 Rd8 45. b4 f4+ 46. Kh2 axb4
47. Rb1 Rc8 48. Rxb4 Nd6 49. Nf2 Nxc4 50. Ne4+ Ke6 1/2-1/2

[Event "12. OSIJEK OPEN"]
[Site "Osijek"]
[Date "2019.02.24"]
[Round "7.15"]
[White "Bevanda, Ema"]
[Black "Kovacevic, Srecko"]
[Result "1/2-1/2"]
[WhiteElo "1634"]
[BlackElo "2087"]
[PlyCount "129"]
[EventDate "2019.02.21"]

1. d4 Nf6 2. Bf4 b6 3. e3 Bb7 4. Nf3 e6 5. Nbd2 Be7 6. h3 O-O 7. Bd3 c5 8. c3
cxd4 9. exd4 d6 10. O-O Nc6 11. Qe2 Rc8 12. Rfe1 Re8 13. Rad1 g6 14. Bh6 Bf8
15. Bxf8 Kxf8 16. Ne4 Kg7 17. Nfg5 Nxe4 18. Nxe4 d5 19. Ng3 Qf6 20. Qg4 Kh8 21.
Re3 Re7 22. h4 Rce8 23. f4 Nxd4 24. cxd4 Qxd4 25. Nf1 Qxb2 26. Bb1 Rc7 27. Qe2
Qf6 28. g3 Rec8 29. Qd2 Rc4 30. Ree1 Kg8 31. Rc1 Qe7 32. Rxc4 Rxc4 33. Ne3 Qc5
34. Kh2 Rc3 35. Ng4 d4 36. Nf6+ Kg7 37. Ne4 Bxe4 38. Bxe4 f6 39. Rd1 e5 40.
fxe5 Qxe5 41. Qf4 Qxf4 42. gxf4 f5 43. Bd5 d3 44. Bb3 b5 45. Rd2 a5 46. Kg3 a4
47. Bd1 Ra3 48. Kf3 b4 49. Ke3 b3 50. axb3 axb3 51. Kxd3 b2+ 52. Kc2 Rb3 53.
Kb1 Rh3 54. Kxb2 Rxh4 55. Rf2 Rh3 56. Bf3 Kf6 57. Kc2 h6 58. Kd2 g5 59. fxg5+
Kxg5 60. Ke2 Rh4 61. Kf1 Rb4 62. Kg2 Kh4 63. Bd1 Kg5 64. Kg3 h5 65. Bxh5
1/2-1/2

[Event "12. OSIJEK OPEN"]
[Site "Osijek"]
[Date "2019.02.24"]
[Round "7.16"]
[White "Borzan, Matej"]
[Black "Horvat, Damjan"]
[Result "0-1"]
[WhiteElo "1494"]
[BlackElo "2049"]
[PlyCount "98"]
[EventDate "2019.02.21"]

1. d4 Nf6 2. c4 c5 3. d5 b5 4. cxb5 a6 5. Nc3 axb5 6. Nxb5 Ba6 7. Nc3 g6 8. e4
Bxf1 9. Kxf1 d6 10. Nge2 Bg7 11. Qc2 O-O 12. Be3 Nbd7 13. g3 Qb6 14. a4 Qb4 15.
Rb1 Ne5 16. b3 Nf3 17. Qd3 Ng4 18. Bf4 Nd4 19. Nxd4 Bxd4 20. Nb5 Nxf2 21. Qe2
Nxh1 22. Bd2 Qxb5 23. axb5 Ra2 24. Kg2 Nf2 25. Re1 Ng4 26. Qxg4 Rxd2+ 27. Kh3
Rb2 28. Qf3 f6 29. Qd3 Ra8 30. b6 Raa2 31. Rh1 Ra3 32. Rb1 c4 33. Qxd4 Rxb1 34.
Qxc4 Raxb3 35. Qc8+ Kf7 36. Qe6+ Kf8 37. Qc8+ Kf7 38. Qh8 g5 39. Qc8 Rxb6 40.
Qe6+ Kf8 41. Qc8+ Kg7 42. Qe6 Rb7 43. Kg4 Rc7 44. h4 gxh4 45. Kxh4 Rh1+ 46. Kg4
Kf8 47. Kf3 Rh2 48. g4 Rc3+ 49. Kf4 Rf2# 0-1

[Event "12. OSIJEK OPEN"]
[Site "Osijek"]
[Date "2019.02.24"]
[Round "7.17"]
[White "Maroslavac, Ivana"]
[Black "Borzan, Andrej"]
[Result "1/2-1/2"]
[WhiteElo "1753"]
[BlackElo "1900"]
[PlyCount "50"]
[EventDate "2019.02.21"]

1. e4 d6 2. d4 Nf6 3. Bd3 g6 4. Nf3 Bg7 5. h3 O-O 6. Be3 Nbd7 7. Qd2 e5 8. O-O
a5 9. a4 b6 10. Bh6 exd4 11. Bxg7 Kxg7 12. Nxd4 Nc5 13. Nc3 Bb7 14. f3 Nxd3 15.
Qxd3 Ba6 16. Ncb5 Qd7 17. c4 c6 18. Nc3 d5 19. exd5 cxd5 20. Ndb5 dxc4 21. Qxc4
Rac8 22. Qb3 Qd2 23. Rad1 Qe3+ 24. Kh1 Nh5 25. Rfe1 Qc5 1/2-1/2

[Event "12. OSIJEK OPEN"]
[Site "Osijek"]
[Date "2019.02.24"]
[Round "7.18"]
[White "Mikic, Ivana"]
[Black "Sasvari, Zelimir"]
[Result "1/2-1/2"]
[WhiteElo "1812"]
[BlackElo "2198"]
[PlyCount "81"]
[EventDate "2019.02.21"]

1. e4 c5 2. Nf3 Nc6 3. d4 cxd4 4. Nxd4 g6 5. c4 Nf6 6. Nc3 Nxd4 7. Qxd4 d6 8.
Be2 Bg7 9. Be3 O-O 10. Qd2 Be6 11. Rc1 Qa5 12. O-O Rfc8 13. b3 a6 14. f3 Rab8
15. Ba7 Ra8 16. Be3 b5 17. Nd5 Qxd2 18. Bxd2 Bxd5 19. cxd5 Nd7 20. Rxc8+ Rxc8
21. Rc1 Bd4+ 22. Kf1 Rxc1+ 23. Bxc1 Kg7 24. Bd1 f5 25. Ke2 fxe4 26. fxe4 Be5
27. h3 Nc5 28. Bc2 Bc3 29. Be3 Kf6 30. g3 Be5 31. Bf2 Nd7 32. Bd3 g5 33. a4
bxa4 34. bxa4 a5 35. Be1 Nc5 36. Bc2 h5 37. Kf3 Nb7 38. Bd2 Bd4 39. Bd3 Nc5 40.
Bc2 Nb7 41. Bd3 1/2-1/2

[Event "12. OSIJEK OPEN"]
[Site "Osijek"]
[Date "2019.02.24"]
[Round "7.19"]
[White "Mravunac, Branko"]
[Black "Ljubicic, Ninoslav"]
[Result "1-0"]
[WhiteElo "1983"]
[BlackElo "1763"]
[PlyCount "41"]
[EventDate "2019.02.21"]

1. e4 g6 2. f4 b6 3. d4 Bb7 4. Bd3 d6 5. Nf3 Bg7 6. c3 Nd7 7. O-O e6 8. Nbd2
Qe7 9. a4 Ngf6 10. a5 O-O 11. a6 Bc8 12. e5 Nd5 13. Ne4 f6 14. Bc4 Bh6 15. g3
Nxf4 16. Bxf4 Bxf4 17. gxf4 d5 18. Nxf6+ Nxf6 19. exf6 Qxf6 20. Be2 Qxf4 21.
Ne5 1-0

[Event "12. OSIJEK OPEN"]
[Site "Osijek"]
[Date "2019.02.24"]
[Round "7.20"]
[White "Zorman, Antun"]
[Black "Lovrinic, Vlatko"]
[Result "1/2-1/2"]
[WhiteElo "1918"]
[BlackElo "1743"]
[PlyCount "90"]
[EventDate "2019.02.21"]

1. e4 e5 2. Nf3 Nc6 3. c3 Nf6 4. Bd3 d6 5. h3 Be7 6. Bc2 O-O 7. O-O h6 8. d3
Re8 9. Nh2 Bf8 10. f4 exf4 11. Bxf4 Ne5 12. Nd2 Bd7 13. Be3 Ng6 14. Qf3 Be7 15.
d4 Be6 16. c4 Rf8 17. Rad1 Qe8 18. b4 b6 19. Qf2 a5 20. b5 c5 21. bxc6 Bc8 22.
d5 Ne5 23. Nhf3 Bd8 24. Nxe5 Qxe5 25. Bd4 Qh5 26. Qg3 Qg5 27. Qxg5 hxg5 28. e5
Ne8 29. e6 Nf6 30. exf7+ Rxf7 31. Rde1 Ba6 32. Bf5 Re7 33. Be6+ Kh7 34. Bxf6
gxf6 35. Rxf6 Kg7 36. Ref1 b5 37. Rf7+ Rxf7 38. Rxf7+ Kg6 39. c7 Bf6 40. cxb5
Bd4+ 41. Kh2 Bxb5 42. c8=Q Rxc8 43. Rb7 Be5+ 44. Kg1 Bd4+ 45. Kh2 Be5+ 1/2-1/2

[Event "12. OSIJEK OPEN"]
[Site "Osijek"]
[Date "2019.02.24"]
[Round "7.21"]
[White "Benes, Miodrag"]
[Black "Ronta, Ivan"]
[Result "1-0"]
[WhiteElo "1867"]
[BlackElo "1711"]
[PlyCount "67"]
[EventDate "2019.02.21"]

1. Nf3 Nf6 2. g3 g6 3. Bg2 Bg7 4. O-O O-O 5. d3 d5 6. Nbd2 Nbd7 7. c4 e6 8. Rb1
Re8 9. b4 Ng4 10. Bb2 Nge5 11. c5 a5 12. a3 axb4 13. axb4 Ra2 14. Qb3 Rxb2 15.
Rxb2 Nxf3+ 16. Nxf3 Bxb2 17. Qxb2 c6 18. d4 b6 19. Ra1 Nb8 20. h4 Ba6 21. Qd2
Kg7 22. Ne5 h5 23. Nxc6 Nxc6 24. Rxa6 e5 25. dxe5 Nxe5 26. Rxb6 Nc4 27. Qd4+
Kg8 28. Rb7 Rxe2 29. Bxd5 Re1+ 30. Kh2 Ne5 31. Rxf7 Qg5 32. Rf5+ Kg7 33. Rxg5
Rh1+ 34. Kxh1 1-0

[Event "12. OSIJEK OPEN"]
[Site "Osijek"]
[Date "2019.02.24"]
[Round "7.22"]
[White "Sokcevic, Dario"]
[Black "Lovakovic, Franjo"]
[Result "0-1"]
[WhiteElo "1528"]
[BlackElo "1859"]
[PlyCount "48"]
[EventDate "2019.02.21"]

1. e4 e5 2. Nf3 Nc6 3. Bb5 Nf6 4. O-O a6 5. Ba4 h6 6. c3 b5 7. Bb3 Bb7 8. Re1
Bc5 9. d4 exd4 10. cxd4 Bb4 11. Nc3 O-O 12. a3 Ba5 13. Bc2 d6 14. b4 Bb6 15.
Qd3 Re8 16. Nd5 Nxd5 17. exd5 Rxe1+ 18. Nxe1 Nxd4 19. Qh7+ Kf8 20. Bb2 Bxd5 21.
Bd3 Qg5 22. Bc1 Qf6 23. Rb1 Ne2+ 24. Kh1 Qxf2 0-1